000 00372nam a22001457a 4500
999 _c193646
_d193646
008 221107b ||||| |||| 00| 0 eng d
082 _aS-SEN
100 _aSENGUPTA,AMITAVA
245 _aMAGIC ISLAND
_hENGLISH
260 _aNEW DELHI
_bA.I.C.B
_cROHINI
270 _aA.I.C.B ,ROHINI NEW DELHI
300 _a.
_b.
_c12X13
490 _v1
942 _2ddc
_cBRLEN
_kS
_mSEN